000 00372nam a2200133Ia 4500
005 20251222141801.0
008 251222s9999||||xx |||||||||||||| ||spa||
020 _a9972-966-0-7
082 _a398.355.85/S61
100 _aChase Smith, Richard
245 2 _aA Tapestry Woven From The Vicissitudes of History, Place and Daily Life
264 _bFord Foundation
942 _cLIB
999 _c6144
_d6144